000
00215nam a2200097Ia 4500
008
230907s9999||||xx |||||||||||||| ||und||
082
_a
341.24
_b
REG
245
0
_a
Regionalism /
300
_a
4 volumes ;
942
_c
BK
999
_c
600752
_d
600752